000
00212 a2200097 4500
001
37848
100
_a
Toledo H
245
_a
Oracle Networking
260
_a
USA
_b
Osborne McGraw-Hill
_c
090
_c
24040
_d
24040
942
_a
NUST-CAE
_c
M
_c
15604
999
_c
272921
_d
272921